Debate sobre la reforma economica /
保存先:
| 団体著者: | |
|---|---|
| フォーマット: | 不明 |
| 出版事項: |
Managua:
Centro de Investigación y Estudios de la Reforma Agraria
|
| 主題: | |
| タグ: |
タグ追加
タグなし, このレコードへの初めてのタグを付けませんか!
|
MARC
| LEADER | 00000 a2200000 04500 | ||
|---|---|---|---|
| 001 | 579 | ||
| 003 | |||
| 008 | 991231s d | ||
| 040 | |a CRAI/IIS |c CRAI/IIS | ||
| 020 | |a [sin ISBN] | ||
| 022 | |a [sin ISBN] | ||
| 090 | |a 0004 D286d | ||
| 110 | |a Centro de Investigación y Estudios de la Reforma Agraria | ||
| 245 | |a Debate sobre la reforma economica / | ||
| 260 | |a Managua: |b Centro de Investigación y Estudios de la Reforma Agraria | ||
| 300 | |a 319 p | ||
| 650 | |a RECESION ECONOMICA | ||
| 650 | |a POLITICA ECONOMICA | ||
| 650 | |a POLITICA DE AUSTERIDAD | ||
| 650 | |a FMI | ||
| 650 | |a POLITICA COMERCIAL | ||
| 650 | |a POLITICA COMERCIAL INTERNACIONAL | ||
| 650 | |a POLITICA DE PRECIOS | ||
| 650 | |a REFORMA ECONOMICA | ||
| 650 | |a LEGISLACION ECONOMICA | ||
| 999 | |c 1760 |d 1760 | ||
